=LDR 00000nam 2200000 4500 =001 INLIS000000000061161 =005 20220830080126 =035 ##$$a 0010-0822000071 =007 ta =008 220830###########################0#ind## =082 ##$$a 658.401 =084 ##$$a 658.401 Buf m =100 #$$a Buffa Elwood. S =245 1#$$a Manajemen Operasi & Produksi Modern Jilid 2 Edisi Kedelapan /$c Buffa Elwood. S =250 ##$$a cet 2 =260 ##$$a Jakarta :$b Binarupa Aksara,$c 1999 =300 ##$$a 410 halaman : $b ilustrasi ; $c 24 cm =650 #4$$a Manajemen Operasi =990 ##$$a 21892189